000 02093nam a2200385 a 4500
003 CHAP
005 20250204132027.0
007 ta
008 250204s2017 mx o|||gr|||| 001 0 spa d
020 _a978-607-400-370-3
040 _amxchpua
_cCHAP
_erda
041 _aspa
_bspa
_fspa
_heng
050 1 0 _aLD571.B67
_b.A43 M37 2017
082 0 0 _220
_a808.83935353
_bA43 M37 2017
100 1 _aAlbom, Mitch
_9190038
240 1 _aTuesdays with Morrie.
_lEspañol
245 1 0 _aMartes con mi viejo profesor :
_buna lección de la vida, de la muerte y del amor /
_cMitch Albom ; traductor Alejandro Pareja
250 _a1a edición
264 _aMéxico :
_bOcéano : Maeva,
_c2017
300 _a219 páginas :
_bfotos
336 _2rdacontent
_atexto
_btxt
337 _2rdamedia
_asin medio
_bn
338 _2rdacarrier
_avolumen
_bnc
520 2 _an testimonio extraordinario que enseña la lección más valiosa: cómo dar sentido a nuestra vida. Considerado por The Washington Post como el libro de memorias más vendido de la historia, Martes con mi viejo profesor narra la experiencia vivida por Mitch Albom con Morrie Schwartz, uno de sus profesores de la universidad, al que vuelve a ver por casualidad muchos años después en una entrevista en televisión, en la que se entera de que su viejo profesor sufre ELA, una enfermedad degenerativa. Albom entra de nuevo en contacto con él y le propone verse todos los martes. Durante estos encuentros, tiene la oportunidad de plantearle las grandes preguntas que siguen inquiétandole y de hallar consejo y aliento para su propia vida en las sabias palabras del maestro.
650 1 0 _aNovela estadounidense
_ySiglo XX
_9134193
650 1 0 _aLiteratura norteamericana
_xSiglo XX
_9144999
650 1 4 _aValores (Psicología)
_9117674
650 1 0 _aAmistad
_xNovela
_9162591
650 1 0 _aNovel
_9161790
650 1 0 _aAmerican literature
_y20th century
_9153260
650 1 0 _aValues (Psychology)
_9187249
650 1 0 _aFriendship
_xFiction
_9162592
700 _aPareja Rodríguez, Alejandro
_etraductor
_9190061
942 _2ddc
_cLIBRO
999 _c220431
_d220431